The earth and how it works

Bibliographic Details
Main Author: Parker, Steve
Format: Book
Published: London : Dorling Kindersley Ltd. , 1989
Subjects:

MARC

LEADER 00000cam a2200000 7i4500
001 0000007514
002 000008074
005 20000330.0
020 |a 0863183336 
090 0 0 |a J 032.02   |b PAR 
100 1 |a Parker, Steve 
245 1 4 |a The earth and how it works   |c Steve Parker 
260 |a London :   |b Dorling Kindersley Ltd. ,   |c 1989 
300 |a 65p. ;   |c 39cm. 
650 0 0 |a Earth   |x Juvenile literature 
999 |a 015498   |b BUKU   |c PINJAMAN   |e PERPUSTAKAAN KOMUNITI PETALING JAYA